Songs from the First Line(s) - Movie Songs Edition - Statistics

General Stats
  • This quiz has been taken 88 times
  • The average score is 14 of 30
Answer Stats
Hint Answer % Correct
Songs Somewhere over the rainbow way up high / There's a land that I heard of once in a lullaby Song Over The Rainbow
93%
Songs Somewhere over the rainbow way up high / There's a land that I heard of once in a lullaby Movie The Wizard of Oz
92%
Songs I got chills, they're multiplyin' / And I'm losin' control / 'Cause the power you're supplyin' / It's electrifyin'! Movie Grease
75%
Songs Every night in my dreams / I see you, I feel you / That is how I know you go on / Far across the distance Movie Titanic
75%
Songs It's been a long day without you, my friend / And I'll tell you all about it when I see you again Song See You Again
73%
Songs Every night in my dreams / I see you, I feel you / That is how I know you go on / Far across the distance Song My Heart Will Go On
72%
Songs Rising up, back on the street / Did my time, took my chances / Went the distance, now I'm back on my feet Song Eye Of The Tiger
68%
Songs And here's to you, Mrs. Robinson / Jesus loves you more than you will know, wo wo wo Song Mrs. Robinson
67%
Songs Rising up, back on the street / Did my time, took my chances / Went the distance, now I'm back on my feet Movie Rocky III
67%
Songs Yo! His palms are sweaty, knees weak, arms are heavy / There's vomit on his sweater already: Mom's spaghetti Movie 8 Mile
64%
Songs Yo! His palms are sweaty, knees weak, arms are heavy / There's vomit on his sweater already: Mom's spaghetti Song Lose Yourself
64%
Songs Moon River, wider than a mile / I'm crossing you in style someday / Oh, dream maker / You heartbreaker Song Moon River
63%
Songs Raindrops on roses and whiskers on kittens / Bright copper kettles and warm woolen mittens Movie The Sound of Music
63%
Songs I got chills, they're multiplyin' / And I'm losin' control / 'Cause the power you're supplyin' / It's electrifyin'! Song You're The One That I Want
59%
Songs It's been a long day without you, my friend / And I'll tell you all about it when I see you again Movie Fast & Furious 7
57%
Songs And here's to you, Mrs. Robinson / Jesus loves you more than you will know, wo wo wo Movie The Graduate
56%
Songs Raindrops on roses and whiskers on kittens / Bright copper kettles and warm woolen mittens Song My Favorite Things
49%
Songs If I should stay / I would only be in your way / So I'll go but I know / I'll think of you every step of the way Song I Will Always Love You
45%
Songs If I should stay / I would only be in your way / So I'll go but I know / I'll think of you every step of the way Movie The Bodyguard
41%
Songs Moon River, wider than a mile / I'm crossing you in style someday / Oh, dream maker / You heartbreaker Movie Breakfast at Tiffany's
39%
Songs Look into my eyes – you will see / What you mean to me / Search your heart, search your soul Song (Everything I Do) I Do It For You
29%
Songs Look into my eyes – you will see / What you mean to me / Search your heart, search your soul Movie Robin Hood: Prince of Thieves
29%
Songs Raindrops are falling on my head / And just like the guy whose feet are too big for his bed / Nothing seems to fit Movie Butch Cassidy and the Sundance Kid
21%
Songs Love, soft as an easy chair / Love, fresh as the morning air / One love that is shared by two / I have found with you
Movie A Star Is Born
13%
Songs Love, soft as an easy chair / Love, fresh as the morning air / One love that is shared by two / I have found with you Song Evergreen / Love Theme from A Star Is Born
13%
Songs The French are glad to die for love / They delight in fighting duels / But I prefer a man who lives Movie Gentlemen Prefer Blondes
12%
Songs The French are glad to die for love / They delight in fighting duels / But I prefer a man who lives Song Diamonds Are a Girl's Best Friend
11%
Songs Raindrops are falling on my head / And just like the guy whose feet are too big for his bed / Nothing seems to fit Song Raindrops Keep Fallin' On My Head
8%
Songs Moon so bright, night so fine / Keep your heart here with mine / Life's a dream we are dreaming Song I Want to Spend My Lifetime Loving You
4%
Songs Moon so bright, night so fine / Keep your heart here with mine / Life's a dream we are dreaming Movie The Mask of Zorro
4%
No matching quizzes found
Score Distribution
Percent of People with Each Score
Percentile by Number Answered
Your Score History
You have not taken this quiz